Southville International School and Colleges
Your cart is empty.
  • Cart
  • Lists
    Public lists Eva Luna New books Lux_list list_1
    Your lists Log in to create your own lists
  • Log in to your account
  • Your cookies
  • Search history
Southville International School and Colleges
  • Advanced search
  • Recent comments
  • Most popular
  • Libraries

Log in to your account

Log in with GOOGLE


If you do not have an external account, but do have a local account, you can still log in:

  1. Home
  2. MARC view: Elizabeth Webster and the Court of Uncommon Pleas /
Normal view MARC view ISBD view

Elizabeth Webster and the Court of Uncommon Pleas / (Record no. 366458)

[ view plain ]
MARC details
000 -LEADER
fixed length control field 00864nam a22002297a 4500
003 - CONTROL NUMBER IDENTIFIER
control field 0
005 - DATE AND TIME OF LATEST TRANSACTION
control field 20241007092214.0
008 - FIXED-LENGTH DATA ELEMENTS--GENERAL INFORMATION
fixed length control field 241007b xxu||||| |||| 00| 0 eng d
020 ## - INTERNATIONAL STANDARD BOOK NUMBER
International Standard Book Number 9781368041287
050 ## - LIBRARY OF CONGRESS CALL NUMBER
Classification number PZ 7
Item number .L3725 2019
100 ## - MAIN ENTRY--PERSONAL NAME
Personal name Lashner, William,
Relator term author.
245 ## - TITLE STATEMENT
Title Elizabeth Webster and the Court of Uncommon Pleas /
Statement of responsibility, etc William Lashner.
260 ## - PUBLICATION, DISTRIBUTION, ETC. (IMPRINT)
Place of publication, distribution, etc Los Angeles ; New York :
Name of publisher, distributor, etc Disney*Hyperion,
Date of publication, distribution, etc 2019.
300 ## - PHYSICAL DESCRIPTION
Extent 310 p. ;
Dimensions 22 cm.
520 ## - SUMMARY, ETC.
Summary, etc When popular Henry Harrison asks twelve-year-old Elizabeth to help dispel a ghost that speaks her name, she calls on her estranged father and learns he is an attorney for the damned.
650 ## - SUBJECT ADDED ENTRY--TOPICAL TERM
Topical term or geographic name as entry element Ghosts
Form subdivision Fiction.
650 ## - SUBJECT ADDED ENTRY--TOPICAL TERM
Topical term or geographic name as entry element Fathers and daughters
Form subdivision Fiction.
650 ## - SUBJECT ADDED ENTRY--TOPICAL TERM
Topical term or geographic name as entry element Friendship
Form subdivision Fiction.
650 ## - SUBJECT ADDED ENTRY--TOPICAL TERM
Topical term or geographic name as entry element Hell
Form subdivision Fiction.
650 ## - SUBJECT ADDED ENTRY--TOPICAL TERM
Topical term or geographic name as entry element Mystery and detective stories.
942 ## - ADDED ENTRY ELEMENTS (KOHA)
Source of classification or shelving scheme Library of Congress Classification
Koha item type Books
Holdings
Withdrawn status Lost status Source of classification or shelving scheme Damaged status Home library Current library Shelving location Date acquired Source of acquisition Sub Shelving location Total Checkouts Full call number Barcode Date last seen Price effective from Koha item type
    Library of Congress Classification   Luxembourg Library Luxembourg Library Fiction Section 10/07/2024 Library Fund     PZ 7 .L3725 2019 21270 10/07/2024 10/07/2024 Books

Elizabeth Webster and the Court of Uncommon Pleas /

APA

Lashner W., . (2019). Elizabeth Webster and the Court of Uncommon Pleas. Los Angeles ; New York: Disney*Hyperion.

Chicago

Lashner William, . 2019. Elizabeth Webster and the Court of Uncommon Pleas. Los Angeles ; New York: Disney*Hyperion.

Harvard

Lashner W., . (2019). Elizabeth Webster and the Court of Uncommon Pleas. Los Angeles ; New York: Disney*Hyperion.

MLA

Lashner William, . Elizabeth Webster and the Court of Uncommon Pleas. Los Angeles ; New York: Disney*Hyperion. 2019.

  • Place hold
  • Print
  • Cite
  • Add to your cart (remove)
  • Save record
    BIBTEX Dublin Core MARCXML MARC (non-Unicode/MARC-8) MARC (Unicode/UTF-8) MARC (Unicode/UTF-8, Standard) MODS (XML) RIS
  • More searches
    Search for this title in:
    Other Libraries (WorldCat) Other Databases (Google Scholar) Online Stores (Bookfinder.com) Open Library (openlibrary.org)

Exporting to Dublin Core...

SOUTHVILLE LIBRARY

Southville International School and Colleges Library

1281 Tropical Ave. Cor. Luxembourg St., BF Homes International, Las Pinas City

Tel. No. 8256374 / 252358 Loc. 117/146

Powered by Koha